000 00249nam a2200097Ia 4500
008 230605s9999 xx 000 0 und d
041 _aeng
100 _atalukdar
245 _aparlez a l hotel an easy guide to learnig french vol-1
650 _aFrench
999 _c417353
_d417353